| 000 | 00642nam a2200169 i 4500 | ||
|---|---|---|---|
| 001 | 43441 | ||
| 003 | ES-MaACL | ||
| 005 | 20230906160807.0 | ||
| 007 | t| | ||
| 008 | 030317s1870 sp ||||1| spa d | ||
| 110 | 2 |
_aReal Sociedad Económica Matritense de Amigos del País. _bBiblioteca. _9145025 |
|
| 245 | 1 | 0 |
_aCatálogo de los libros que forman su biblioteca _b: Sociedad Económica Matritense. |
| 260 |
_aMadrid : _b[s.n.], _c1870 ( _fImprenta del Colegio de Sordo-Mudos) |
||
| 300 |
_a260 p. ; _c25 cm. |
||
| 610 | 2 | 4 |
_aReal Sociedad Económica Matritense de Amigos del País. _bBiblioteca- _vCatálogos. _96391 |
| 852 |
_aES-MaACL _jB-4361 |
||
| 999 |
_c43441 _d43441 |
||